| 000 -LEADER |
| fixed length control field |
01023nam a22000977a 4500 |
| 008 - FIXED-LENGTH DATA ELEMENTS--GENERAL INFORMATION |
| fixed length control field |
160213b xxu||||| |||| 00| 0 eng d |
| 100 ## - MAIN ENTRY--AUTHOR'S NAME |
| Author's Name |
Billig, Fritz |
| Titles and other words associated with a name |
Billings Stamp Company |
| 245 ## - TITLE STATEMENT |
| Title |
Billig's 1942 specialized postage stamp catalogue of Austria, Lombardy Venetia, occupation stamps, and Austrian offices abroad (including cancellations) with illustrations |
| 260 ## - PUBLICATION, DISTRIBUTION, ETC. (IMPRINT) |
| Place of publication, distribution, etc. |
Jamaica, N.Y. |
| Name of publisher, distributor, etc. |
Billings Stamp Company |
| 650 ## - TOPICAL TERM (Tag) |
| Topical term or geographic name |
Austria | Offices Abroad | Offices in Lombardy-Venetia | Lombardy-Venetia | Postal Markings | Used Abroad | Postal History | Occupation Issues | Newspaper and Periodical Issues | Austro-Hungarian Empire | Austro-Hungarian Military Post | Military and War Issues | World War I, 1914-1918 | Overprints and Surcharges | Locals and Private Posts | Post World War I | Germany -- Occupation of Austria | Carinthia (1920-) | Plebiscite Issues | Provisionals and Forerunners | Semi-postal Issues | Italy -- Occupation of Austria (1918-1919) | Errors and Varieties | Catalogs and Price Lists | Dealer Publications |